| 000 | 01351nam a2200397 i 4500 | ||
|---|---|---|---|
| 001 | 45147 | ||
| 003 | ES-MaCES | ||
| 005 | 20250526142647.0 | ||
| 007 | cr ||||||||||| | ||
| 008 | 140929s2014 sp l 000 | spa d | ||
| 017 |
_aNA 1194-2014 _bDL |
||
| 020 | _a9788447046966 | ||
| 040 |
_aES-MaCES _bspa _cES-MaCES |
||
| 110 | 1 |
_aEspaña _tLeyes, etc., de medio ambiente _93106 |
|
| 245 | 1 | 0 | _aLegislación sobre medio ambiente |
| 250 | _a21ª ed | ||
| 260 |
_aCizur Menor (Navarra) _bCivitas-Thomson Reuters _c2014 |
||
| 300 |
_a1408 p. _c21 cm |
||
| 490 | 1 |
_aBiblioteca de legislación _v50. Textos legales anotados |
|
| 500 | _aÍndices | ||
| 500 | _aDisponible en formato electrónico mediante la aplicación PROVIEW | ||
| 541 | _cCompra | ||
| 650 | 4 |
_aprotección ambiental _929423 |
|
| 650 | 4 |
_aEspaña _926964 |
|
| 650 | 4 |
_aComunidades Autónomas _930768 |
|
| 650 | 4 |
_alegislación _927153 |
|
| 650 | 4 |
_atexto _929624 |
|
| 653 | 1 | 0 | _aLegislación |
| 650 | 4 |
_928715 _amedio ambiente |
|
| 775 | 0 |
_tLegislación sobre medio ambiente _w(ES-MaCES)44312 |
|
| 830 | 0 |
_aBiblioteca de legislación _v50 _932132 |
|
| 830 | 0 |
_aBiblioteca de legislación _pTextos legales anotados _934145 |
|
| 856 | 4 |
_uhttps://legalteca.aranzadilaley.es/my-library?sponsor=82111144-IP _yLegalteca |
|
| 902 | _aLIB Libro | ||
| 942 |
_2CES _cBK _h6.1. |
||
| 999 |
_c45147 _d45147 |
||